000 00357 a2200109 4500
001 ART_3495
005 20260410161715.0
008 260409a
245 1 0 _aUn cuarto de siglo de historiografía argentina (1960-1985)
100 1 _aHalperin Donghi, Tulio
773 0 _tDesarrollo económico
_g- Vol. 25, Nº 100 (ene./mar. 1986)
_wREV1174
999 _c16443
_d16443